| 000 | 00765nam a22001577a 4500 | ||
|---|---|---|---|
| 003 | OSt | ||
| 005 | 20150927151332.0 | ||
| 008 | 150927b xxu||||| |||| 00| 0 eng d | ||
| 040 | _cRUA | ||
| 082 | _aATM.Sp YOK 2003 B058 Or.1 | ||
| 100 |
_91427 _aYOK, SAMNANG. |
||
| 245 | _aCompairing fertilizer effected on cuccumis sativavus in wet season 2002 at prek leap national school of agriculture, ពិសោធន៍ប្រៀបធៀបឥទ្ធិពលជីលើដំណាំត្រសក់ក្នុងលក្ខខណ្ឌរដូវរំហើយឆ្នាំ២០០២ នៅសាលាជាតិកសិកម្មព្រែកលៀប | ||
| 260 |
_aPhnom Penh _bRUA _c2003 |
||
| 300 |
_a50p. _bill. _c29cm. |
||
| 942 |
_2ddc _cATMSP |
||
| 999 |
_c1343 _d1343 |
||